01465nam a2200457 i 45000010005000000030009000050050017000140080039000310150017000700200015000870350023001020350036001250350014001610350021001750350023001960350044002190400028002630460009002910800011003000800009003111000040003202450059003602600032004193000028004513360027004793370054005063380028005603800016005883800023006043880014006273880014006414900058006555000029007135040022007426500021007646550023007856580015008087100029008238300058008528560097009105674KOSZ 00520190809115343.0080905s1993 pl a f |000 0 pol aPB 2009/2644 a8385366369 a991041241079705066 a(PL-WaBN)b2101002x-48omnis_nlop ab2101002x a(OCoLC)749598760 a(PL)b0000002101002 a(EXLNZ-48OMNIS_NETWORK)9910338896505606 aWA NcWA NdKOSZ 005/EG k1993 a330.43 a(07)1 aKolupa, Michałd(1936-2012)eAutor10aMetody matematyczne dla bankowców /cMichał Kolupa. aWarszawa :bPoltext,c1993. a123 s. :bil. ;c21 cm. 2rdacontentaTekstbtxt 2rdamediaaBez urządzenia pośredniczącegobn 2rdacarrieraWoluminbnc aKsiążki apublikacje fachowe a1901-2000 a1989-20001 aStudia Finansowo-Bankowe / Szkoła Główna Handlowa aW metryce r. wyd.: 1992. aBibliogr. s. 123. 7aEkonometria2DBN 7aPodręczniki2DBN aMatematyka2 aWydawnictwo Poltext4pbl 0aStudia Finansowo-Bankowe - Szkoła Główna Handlowa uhttp://koha.tu.koszalin.pl/cgi-bin/koha/opac-detail.pl?biblionumber=5674yKatalog online BPK